| 000 | 00468cam a2200205ua 4500 | ||
|---|---|---|---|
| 001 | 11746 | ||
| 005 | 20260515114808.0 | ||
| 008 | 191101n ii |||gr||||Z||||||eng | ||
| 020 | _a9789382358435 | ||
| 040 | _cMAIN | ||
| 041 | _aeng | ||
| 082 | _a512 | ||
| 100 |
_aV R Nikam, _eAuthor. |
||
| 245 |
_aLinear algebra _cBy V R Nikam |
||
| 250 | _a1st ed. | ||
| 260 |
_aKanpur: _bChandralok prakashan, _c2013. |
||
| 300 | _a248p. | ||
| 653 | _aAlgebra | ||
| 942 | _cBK | ||
| 999 |
_c10537 _d10537 |
||